4 artistes = 1 chanson des Enfoirés - Statistiques

Statistiques générales
  • Ce quiz a été pris 25 fois
  • Le résultat moyen est 9 sur 20
Statistiques - réponses
Hint Réponse % Correct
Mika - Lorie Pester - Zaz - Michael Jones J'ai vu
67%
Claire Keim - Lorie Pester - Vitaa - Zaz J'y vais
60%
Jean Baptiste Maunier - Claudio Capéo - Dany Boon - Michael Youn La goffa Lolita
60%
Serge Lama - Hélène Ségara - Christophe Maé - Maurane Octobre
60%
Claire Keim - Zazie - Michèle Laroque - Lorie Pester Roule
60%
Soprano - Thomas Dutronc - Patrick Fiori - M.Pokora Andalouse
53%
M.Pokora - Marc Lavoine - Julien Clerc - Amel Bent Il faut savoir
53%
Francis Cabrel - Michael Jones - Jean-Jacques Goldman - Alain Souchon J'ai un problème
53%
Christophe Maé - Florent Pagny - Carla Bruni - Nolwenn Leroy J'envoie valser
53%
MC Solaar - Dany Brillant - Pierre Palmade - Marc Lavoine Les rois du monde
53%
Roch Voisine - Jean Jacques Goldman - Patrick Bruel - Johnny Hallyday L'envie
47%
Véronique Sanson - Christophe Willem - Patrick Bruel - Jean Louis Aubert Visiteur et Voyageur
47%
Gérald de Palmas - Tina Arena - Lorie Pester - Christophe Maé Voyage au pays des vivants
47%
David Hallyday - Hélène Ségara - Tina Arena - Amel Bent Everything I do I do it for you
40%
Jean Louis Aubert - Patrick Bruel - Jean Baptiste Maunier - Florent Pagny Envole-moi
33%
Jean Baptiste Maunier - Natasha St Pier - Francis Cabrel - Zazie La Tribu de Dana
33%
Natasha St Pier - Patrick Bruel - Grégoire - Zazie Parce que c'est toi
33%
Chimène Badi - Pascal Obispo - Nolwenn Leroy - Patrick Fiori Without you
33%
Marc Lavoine - Maurane - Elsa Lunghini - Francis Cabrel Les Matins d'hiver
27%
Roch Voisine - Garou - Maxime Leforestier - Julien Clerc Pour le plaisir
20%
Aucun quiz correspondant
Distribution des résultats
% des personnes avec chaque résultat
Percentile par nombre de réponses
Votre historique - résultats
Vous n’avez pas pris ce quiz